000 00917nam a2200289 a 4500
001 00002010
003 DO-SdBNP
005 20220713115629.0
008 100721s1999 dr 000 f spa d
020 _a8481302066
040 _aBPMSU
_bspa
_cBPMSU
082 4 _a823.914
_bG619s 1999
_222
100 1 _aGolding, William,
_d1911-1993
240 1 0 _aLord of the files.
_lEspañol
245 1 3 _aEl señor de las moscas /
_cWilliam Golding; traducción de Carles Serrat Mulà.
260 _aMadrid :
_bMilenium,
_c1999.
300 _a198 p. ;
_c21 cm.
490 0 _aMilenium. Las 100 Joyas del milenio;
_v21
534 _aTítulo original: Lord of the files
_cBarcelona : Bibliotex, 2000.
590 _6Inventariado, 2021/VM
650 4 _aNovela inglesa
650 4 _aLiteratura inglesa
700 1 _a Serrat Mulà, Carles
_etr.
700 1 _aHatero, Josan,
_epról.
910 _aVMateo V.
942 _2ddc
_cBK
999 _c8691
_d8691